000 00599nam a2200193 i 4500
001 45222
003 ES-MaACL
005 20240505063019.0
007 t|
008 030325s1950 sp ||||1| spa d
100 1 _aCocteau, Jean,
_d1889-1963
_939410
245 1 3 _aEl águila de dos cabezas /
_cpor Jean Cocteau ; [traducción del francés por Javier Olavide].
250 _a[1ª ed.].
260 _aBarcelona :
_bJosé Janés,
_c[1950] (
_fBachs)
300 _a155 p. ;
_c17 cm.
700 1 _aOlavide, Javier.
_986673
852 _aES-MaACL
_jD-5712
_bR.31162
999 _c45222
_d45222